Videoteca de la pareja : Armonía sexual en la pareja /

保存先:
書誌詳細
第一著者: Bistagne, Jordi (realización)
その他の著者: Blasco, Alfredo (realización) (realización), Masip, Jaime (producción ejecutiva) (producción ejecutiva), Latorre, Fernando (guión) (guión)
フォーマット: スライド
言語:スペイン語
主題:
タグ: タグ追加
タグなし, このレコードへの初めてのタグを付けませんか!

MARC

LEADER 00000ngm^a2200000^a^4500
001 000556082
005 20250521000000.0
009 20260310131732.078
037 |a Acervo ITESO - Biblioteca 
041 |a ESP 
082 |a 305. 31  |b VID V. 3 
100 |a Bistagne, Jordi  |e (realización) 
240 1 1 |a [Videoteca de la pareja] 
245 1 0 |a Videoteca de la pareja :  |b Armonía sexual en la pareja /  |c Realización de J. Bistagne., A. Blasco ; prod. ejecutiva de J. Masip. 
246 2 |a Título en la pantalla: Armonía sexual en la pareja 
246 2 |a Título en la cubierta: Armonía sexual de la pareja 
264 2 |a México :  |b Televideofilm [distribución],  |c 1991, c1991 
300 |a 1 videocasete VHS (28 min.) :  |b color 
336 |a imagen móvil bidimensional  |b tdi  |2 rdacontenido 
337 |a video  |b v  |2 rdamedio 
338 |a videocasete  |b vf  |2 rdasoporte 
649 |a XX 
650 |a Mujeres -  |x Condiciones Psicológicas 
650 |a Hombres -  |x Condiciones Psicológicas 
650 |a Relaciones de Pareja 
650 |a Deseo Sexual 
650 |a Placer Sexual 
650 |a Respuesta Sexual Humana 
650 |a Prácticas Sexuales 
650 |a Desarrollo Sexual 
650 |a Erotismo 
650 |a Heterosexualidad 
650 |a Sexualidad -  |x Tema Principal 
700 |a Blasco, Alfredo  |e (realización) 
700 |a Masip, Jaime  |e (producción ejecutiva) 
700 |a Latorre, Fernando  |e (guión) 
910 |a Fondo General 
920 |a Audiovisuales - Videocasetes 
905 |a 301 
901 |a 0500052793  |b IT2  |c VIS  |i D  |u 20250521 
902 |a https://opac.biblio.iteso.mx/vufind/Record/000556082